000 00320nam a2200133Ia 4500
005 20251222143246.0
008 251222s9999||||xx |||||||||||||| ||spa||
020 _a88-284-2208-7
082 _a234.2/S29
100 _aSchönborn, Christoph
245 0 _aIt misterio dell incarnazione
264 _bPiemme
942 _cLIB
999 _c14753
_d14753